Institutions and systems in the geography of innovation
Αποθηκεύτηκε σε:
| Κύριος συγγραφέας: | |
|---|---|
| Άλλοι συγγραφείς: | |
| Μορφή: | Βιβλίο |
| Γλώσσα: | English |
| Δημοσίευση: |
Boston :
Kluwer Academic Publishers,
c2002
|
| Σειρά: | Economics of science, technology and innovation ;
; 25 |
| Θέματα: | |
| Ετικέτες: |
Προσθήκη ετικέτας
Δεν υπάρχουν, Καταχωρήστε ετικέτα πρώτοι!
|
MARC
| LEADER | 00000nam a2200000 i 4500 | ||
|---|---|---|---|
| 001 | 1/60364 | ||
| 008 | 040914s2002 eng d | ||
| 020 | |a 0-7923-7614-5 | ||
| 035 | |l 10074281 | ||
| 040 | |a GR-MY-UA |b gre |e aacr | ||
| 041 | 0 | |a eng | |
| 082 | 0 | |a 338.064 |2 (21) | |
| 100 | 1 | |a Feldman, Maryann P. | |
| 245 | 1 | 0 | |a Institutions and systems in the geography of innovation / |c Maryann P. Feldman and Nadine Massard |
| 260 | |a Boston : |b Kluwer Academic Publishers, |c c2002 | ||
| 300 | |a vii, 368 σ.; |b πιν., διαγρ.; |c 25 εκ. | ||
| 490 | 1 | |a Economics of science, technology, and innovation |v ; 25 | |
| 504 | |a Περιέχει βιβλιογραφία και ευρετήριο | ||
| 650 | 0 | 0 | |a Technological innovations |x Economic aspects. |
| 650 | 0 | 0 | |a Technology and state. |
| 650 | 0 | 0 | |a Regional economic disparities. |
| 700 | 1 | |a Massard, Nadine. | |
| 830 | 0 | |a Economics of science, technology and innovation ; |v ; 25 | |
| 852 | |a INST |b LESVOS |e 20040914 |h 338.064 FEL |p 005100030578 |q 005100030578 |t BK |y 0 | ||
| 901 | |a BIBL1-2004-3 | ||
| 909 | |a Λ |b 113118 | ||
| 922 | |a 1ΕΛΗ |b 200408 |c ΕΠΕΑΕΚ2/ΤΓ |d ΜΙΧΑΛΟΠΟΥΛΟΣ | ||
| 950 | |a 118-2004-06-14 | ||
| 970 | |a ΧΡΙΣΤΟΦΑ |b ΝΙΚΗ |z 2004/10/20 | ||